000 00276nam a2200121Ia 4500
008 190216s9999||||xx |||||||||||||| ||und||
100 _aDhushyant Kumar
245 0 _aHindi-Chota Chota Saval
260 _bRajkamal Prakashan
300 _a244
650 _aHindi
942 _cBK
999 _c16458
_d16458